| 000 | 02093nam a2200301 a 4500 | ||
|---|---|---|---|
| 001 | 001184101 | ||
| 003 | AM-YeHGA | ||
| 005 | 20250618074616.0 | ||
| 008 | 161103s2016 ai ao||gr|||||001|0|arm|| | ||
| 020 | _a9789939850221 | ||
| 040 | _aAM-YeHGA | ||
| 041 | 0 | _aarm | |
| 100 | 1 |
_aՕրմանյան, Մաղաքիա _cարքեպիսկոպոս, _d1841-1918 _91548 |
|
| 245 | 1 | 0 |
_aՀայոց եկեղեցին և նրա պատմությունը, վարդապետությունը, վարչությունը, ներքին կարգը, արարողությունը, գրականությունը ու ներկա կացությունը / _cՄաղաքիա Արք. Օրմանյան ; Խմբագիր՝ Խ. Գրիգորյան, Զ. Գրիգորյան ; Փոխադրող՝ Թ. Վարդանյան. |
| 260 |
_aԵրևան : _bԱնկյունաքար, _c2016. |
||
| 300 |
_a305 էջ : _b[10] ներդիր թերթ նկար, լուսանկար ; _c21 սմ. |
||
| 500 | _aՓոխադրություն արևմտահայերենից արևելահայերենի: | ||
| 500 | _aՏիտղոսաթերթից առաջ՝ 1911 թ. հրատարակության տիտղոսաթերթը: | ||
| 504 | _aՏողատակում՝ մատենագիտական ծանոթագրություններ: | ||
| 504 | _aՄատենագիտություն՝ էջ 309-310: | ||
| 525 | _aՀավելված՝ էջ 270-305: | ||
| 534 |
_pԲնօրինակ՝ _iՀայոց եկեղեցին եւ իր պատմութիւնը, վարդապետութիւնը, վարչութիւնը, բարեկարգութիւնը, արարողութիւնը, գրականութիւնը, ու ներկայ կացութիւնը _aՕրմնեան, Մաղաքիա արքեպիսկոպոս _cԿոստանդնուպոլիս: Վ. եւ Հ. Տէր-Ներսէսեան, 1911. |
||
| 610 | 2 | 4 |
_aՀայ յեղափոխական դաշնակցութիւն _xՊատմություն |
| 700 | 1 |
_aԳրիգորյան, Խաչիկ _eխմբագիր _4edt |
|
| 700 | 1 |
_aԳրիգորյան, Զ. _eխմբագիր _4edt |
|
| 700 | 1 |
_aՎարդանյան, Թ. _eփոխադրող _4trl |
|
| 090 | _c378978 | ||
| 999 |
_c377068 _d377068 |
||